000 00574nam a2200241Ia 4500
005 20250425161856.0
008 250425s9999 xx 000 0 und d
020 _a8480883332
041 _aspa
043 _asp
082 _a658.314
100 _aFULLER, GEORGE
245 0 _aWIN-WIN MANAGEMENT: TU GANAS, YO GANO, LA EMPRESA GANA
250 _a1A ED.
260 _aBARCELONA
260 _aEspaƱa
_bGESTION 2000
_c1999
300 _a321
650 _aGESTION EMPRESARIAL
650 _aLIDERAZGO
650 _aMOTIVACION
942 _c01
010 _a33284
999 _c217911
_d217911